000 00958nas a2200313 4500
001 BR0906186
003 BR-BrBNA
005 20231205113507.0
007 ta
008 230509b bl.|||p| |||| 00| 00por d
040 _aBR-BrBNA
_bpor
_cBiblioteca Nacional de Agricultura
041 _a(Pt)
072 _aP35
100 1 _aTirloni, C.
100 1 _aVitorino, A.C.T.
100 1 _aNovelino, J.O.
100 1 _aTirloni, D.
100 1 _aCoimbra, D.S.
245 1 _aDisponibilidade de fósforo em função das adições de calagem de um bioativador do solo
650 _aFÓSFORO
650 _aDISPONIBILIDADE DE NUTRIENTE
650 _aCALAGEM
650 _aADSORÇÃO
650 _aÁCIDO ORGÂNICO
773 0 _tCiência e Agrotecnologia (Brazil)
_xISSN 1413-7054
_g(Jul-Aug 2009), v. 33(4) p. 977-984
_wBR0906186
856 4 0 _uhttp://www.aprh.pt/rgci-155_Borges.pdf
909 _a202311
_bLúcia
_c55
_dLúcia Elande
942 _2AGRIS
_n0
_cANA
999 _c204078
_d204078